|
|
|
|
| LEADER |
00000nam0a2200000 4500 |
| 001 |
332925 |
| 005 |
20250416135048.0 |
| 035 |
|
|
|a (RuTPU)RU\TPU\book\358915
|
| 035 |
|
|
|a RU\TPU\book\358914
|
| 090 |
|
|
|a 332925
|
| 100 |
|
|
|a 20170602d1979 k y0rusy50 ca
|
| 101 |
0 |
|
|a rus
|
| 102 |
|
|
|a RU
|
| 105 |
|
|
|a a z 001zy
|
| 200 |
1 |
|
|a Вопросы мелиоративной гидрогеологии
|e [сборник]
|f Всесоюзный научно-исследовательский институт гидрогеологии и инженерной геологии (ВСЕГИНГЕО) ; отв. ред. П. А. Киселев
|
| 210 |
|
|
|a Москва
|c Изд-во ВСЕГИНГЕО
|d 1979
|
| 215 |
|
|
|a 86 с.
|c ил.
|
| 225 |
1 |
|
|a Труды Всесоюзного научно-исследовательского института гидрогеологии и инженерной геологии (ВСЕГИНГЕО)
|v Вып. 127
|
| 320 |
|
|
|a Библиография в конце статей
|
| 500 |
1 |
0 |
|a Труды Всесоюзного научно-исследовательского института гидрогеологии и инженерной геологии
|9 88877
|
| 606 |
1 |
|
|a Мелиоративная гидрогеология
|2 stltpush
|3 (RuTPU)RU\TPU\subj\42031
|9 61791
|
| 610 |
1 |
|
|a грунтовые воды
|
| 610 |
1 |
|
|a осушение
|
| 610 |
1 |
|
|a режим
|
| 610 |
1 |
|
|a фильтрация
|
| 610 |
1 |
|
|a водный баланс
|
| 610 |
1 |
|
|a водоносные горизонты
|
| 675 |
|
|
|a 556.3
|v 4
|
| 702 |
|
1 |
|a Киселев
|b П. А.
|g Петр Александрович
|4 340
|
| 712 |
0 |
2 |
|a Всесоюзный научно-исследовательский институт гидрогеологии и инженерной геологии (ВСЕГИНГЕО)
|c (пос. Зеленый, Московская область)
|3 (RuTPU)RU\TPU\col\2061
|
| 801 |
|
1 |
|a RU
|b 63413507
|c 20161005
|
| 801 |
|
2 |
|a RU
|b 63413507
|c 20170619
|g RCR
|
| 850 |
|
|
|a 63413507
|
| 942 |
|
|
|c BK
|